=LDR 00000nam 2200000 4500 =001 INLIS000000000043900 =005 20131008103942 =008 ***********************************ind** =035 ##$$0010-101300000001822 =041 ##$$a ind =082 ##$$a 813 =090 ##$$a 813, Pra b =100 ##$$a Pranoto, Naning =245 ##$$a Bella Donna Nova, Naning Pranoto =260 ##$$a 2004 $b Jakarta =300 ##$$a 241 hlm, 21 cm =650 ##$$a Fiksi Dewasa - Indonesia =850 ##$$a NBPNMAT =990 ##$$a 2090100925/BPAP-NTB/2015